Регионална библиотека "Любен Каравелов" - Русе

[Четиристотин петдесет и един] 451 градуса по Фаренхайт (Запис номер 50838)

MARC детайли
000 -Лидер
Контролно поле с фиксирана дължина 01512nam a2200337 c 4500
003 - Код на организацията, давaща контролен номер
Контролно поле BLK
005 - Дата и час на последна редакция
Контролно поле 20210512105323.0
008 - Елементи от данни с фиксирана дължина
fixed length control field 180408b bul|||||r ||||||| ||bul||
010 ## - Наследен системен номер
LC control number KNG00054720000
040 ## - Източник на каталожния запис
Идентификатор на билиотеката - собственик на записа BLK
041 ## - Код за език
Код за езика на текст/звукозапис или на отделно заглавие Български
Код за езика КДБФ Български
080 ## - УДК
Текстов определител УДК Американска литература (на САЩ)
УДК код - определител по УДК 821.111(73)
УДК определител -31
УДК - код + определител 821.111(73)-31
100 1# - Редна дума - Автор
Автор Бредбъри, Рей Дъглас
Авторска отговорност първи автор
R(LIN) 364486
139 ## - Редно поле
Редна дума Бредбъри, Рей
Авторски знак Бре - Б 80
245 10 - Сведения за заглавието
Заглавие [Четиристотин петдесет и един] 451 градуса по Фаренхайт
Подзаглавни данни Роман
Редно поле (дума) Рей Дъглас Бредбъри; прев. от англ. Веселин Измирлиев; предг. от Димитри Константинов Иванов.
250 ## - Област на изданието
Сведения за изданието 2. изд.
257 ## - Страна на издаване
Страна на създаване/издаване Съединени американски щати
260 ## - Област на издателските данни
Място на издаване, разпространение и проч. София
Име на издателя, разпространителя и проч. Нар. култура
Година на издаване 1982
300 ## - Физическа характеристика
Страници 239 с.
Размери/Мащаб 16 см
380 ## - Жанр
Жанр Худож. лит.
490 ## - СЕРИИ (Колекции)
Име на серия Библиотека Панорама
№: серия 151
9 (RLIN) 201932
490 ## - СЕРИИ (Колекции)
Име на серия Серия Проза
№: серия 116
9 (RLIN) 201933
500 ## - Общи забележки
Забележка Ориг. загл. Fahrenheit 451. - 1. изд. 1966. - Съдържа и Рей Бредбъри - живот в дати
700 1# - Други автори (авторска отговорност)
Лично име Измирлиев, Веселин
Автороска отговорност (Описва отношението между автора и произведението) прев. от англ.
9 (RLIN) 283483
700 1# - Други автори (авторска отговорност)
Лично име Иванов, Димитри Константинов
Автороска отговорност (Описва отношението между автора и произведението) предг. от
9 (RLIN) 365139
852 ## - Местоположение
Форматна сигнатура Цб І 19869
856 4# - Електронен адрес и достъп
Електронен формат pdf - файл
856 4# - Електронен адрес и достъп
Електронен формат pdf - файл
999 ## - СИСТЕМНИ КОНТРОЛНИ НОМЕРА
Koha biblionumber 50838
Koha biblioitemnumber 50838
942 ## - АРТИКУЛИ
Вид на библиотечния материал Книги
Скрит в OPAC Не
Koha issues (borrowed), all copies 3
Периодичен библиозапис Да
944 ## - СЪЗДАВАНЕ И РЕДАКЦИЯ на ЗАПИСА
Създаване/Редакция Създаване
Дата на регистрацията/редакция 14.07.2005
Служител, извършил регистрацията/редакцията Геновева_Генчева
944 ## - СЪЗДАВАНЕ И РЕДАКЦИЯ на ЗАПИСА
Създаване/Редакция Редакция
Дата на регистрацията/редакция 18.07.2005
999 ## - СИСТЕМНИ КОНТРОЛНИ НОМЕРА
Koha biblioitemnumber 50838
Наличности
Код за отписване Код за изгубен артикул Код за повреда Коз за рестрикции Код за отдаване Артикулен № Име на библиотеката - собственик Име на библиотеката, в която се намира в момента Статус (Текущо местоположение) Дата на вписване в системата Местоположение - отдел Цена в лева Инвентарен номер Систематично азбучна сигнатура Баркод Номер на екземпляра Цена в евро Служебна бележка Служебен тип на артикула Източник на класификационната схема
Изтеглен Не е изгубен Не е повреден без рестрикции заемане за дома 79766 Регионална библиотека "Любен Каравелов" Русе Регионална библиотека "Любен Каравелов" Русе Заемна - подръчен фонд 2005-07-14 Заемна - подръчен фонд 1.04 120000695556 П 820(73)-31/Б 80 120000695556 1 0.53 Дост: DA Вид: А N: 19 Дата: 13.07.2005 Дата инв: 14.02.2018 Бележки инв: П2018 Книги  
Изтеглен Не е изгубен Не е повреден без рестрикции заемане за дома 79767 Регионална библиотека "Любен Каравелов" Русе Регионална библиотека "Любен Каравелов" Русе Заемна - подръчен фонд 1982-01-01 Заемна - подръчен фонд 1.04 360317 П 820(73)-31/Б 80 360317 2 0.53 Дост: Pk Вид: Ф N: стар фонд Дата: 01.01.1982 Книги Universal Decimal Classification
Изтеглен Не е изгубен Не е повреден без рестрикции заемане за дома 79768 Регионална библиотека "Любен Каравелов" Русе Регионална библиотека "Любен Каравелов" Русе Заемна - подръчен фонд 1982-01-01 Заемна - подръчен фонд 1.04 360318 П 820(73)-31/Б 80 360318 3 0.53 Дост: Pk Вид: Ф N: стар фонд Дата: 01.01.1982 Книги Universal Decimal Classification
Изтеглен Не е изгубен Не е повреден без рестрикции заемане за дома 79769 Регионална библиотека "Любен Каравелов" Русе Регионална библиотека "Любен Каравелов" Русе Заемна - подръчен фонд 1982-01-01 Заемна - подръчен фонд 1.04 360320 П 820(73)-31/Б 80 360320 4 0.53 Дост: Pk Вид: Ф N: стар фонд Дата: 01.01.1982 Книги Universal Decimal Classification
Изтеглен Не е изгубен Не е повреден без рестрикции заемане за дома 79770 Регионална библиотека "Любен Каравелов" Русе Регионална библиотека "Любен Каравелов" Русе Заемна - подръчен фонд 1982-01-01 Заемна - подръчен фонд 1.04 360321 П 820(73)-31/Б 80 360321 5 0.53 Дост: Pk Вид: Ф N: стар фонд Дата: 01.01.1982 Книги Universal Decimal Classification
Изтеглен Не е изгубен Не е повреден без рестрикции заемане за дома 79771 Регионална библиотека "Любен Каравелов" Русе Регионална библиотека "Любен Каравелов" Русе Заемна - подръчен фонд 1982-01-01 Заемна - подръчен фонд 1.04 360322 П 820(73)-31/Б 80 360322 6 0.53 Дост: Pk Вид: Ф N: стар фонд Дата: 01.01.1982 Книги Universal Decimal Classification
Изтеглен Не е изгубен Не е повреден без рестрикции заемане за дома 79772 Регионална библиотека "Любен Каравелов" Русе Регионална библиотека "Любен Каравелов" Русе Заемна - подръчен фонд 1982-01-01 Заемна - подръчен фонд 1.04 360324 П 820(73)-31/Б 80 360324 7 0.53 Дост: Pk Вид: Ф N: стар фонд Дата: 01.01.1982 Книги Universal Decimal Classification
Изтеглен Не е изгубен Не е повреден без рестрикции заемане за дома 79773 Регионална библиотека "Любен Каравелов" Русе Регионална библиотека "Любен Каравелов" Русе Заемна - подръчен фонд 1982-01-01 Заемна - подръчен фонд 1.04 360325 П 820(73)-31/Б 80 360325 8 0.53 Дост: Pk Вид: Ф N: стар фонд Дата: 01.01.1982 Книги Universal Decimal Classification
  Не е изгубен Не е повреден само за читалня ползва се в читалня 79774 Регионална библиотека "Любен Каравелов" Русе Регионална библиотека "Любен Каравелов" Русе Хранилище 1982-01-01 Хранилище 1.04 360659 Цб І 19869 120000360659 9 0.53 Дост: Dp Вид: Д N: стар фонд Дата: 01.01.1982 Книги Universal Decimal Classification
Vip Innovations Ltd, Rousse, Bulgaria 2025